000 00980nam a2200241 a 4500
001 64736
003 BD-RjUL
005 20211209081338.0
008 170219s2012 bg ||||| |||| 00| 0 ben d
020 _c: Tk. 200.00
035 _a(BD-RjUL)64866
040 _aBD-RjUL
_beng
_cBD-RjUL
041 _aben
082 _223
_a954.92
_bSAD 2012
245 0 0 _aস্বাধীনতা স্মারক /
_cসম্পাদক : দুলাল চন্দ্র রায়, রওশন জাহিদ
260 _aরাজশাহী :
_bশাহ মখদুম হল,
_c২০১২
300 _a১৬৭ পৃ. :
_bচিত্র ;
_c২৩ সেমি.
650 _aইতিহাস
_zবাংলাদেশ
_9178124
650 _aHistory
_zBangladesh
_9183265
700 _aরায়, দুলাল চন্দ্র, সম্পাদক
_9191901
700 _aজাহিদ, রওশন, সম্পাদক
_9188745
942 _2ddc
_cBK
999 _c64736
_d64736